徳川時代城番附 - Statistics

General Stats
  • This quiz has been taken 29 times
  • The average score is 74 of 122
Answer Stats
石高(万石) % Correct
関脇 肥後 熊本城 54.0
96%
近江 彦根城 35.0
96%
因幡 鳥取城 32.5
92%
播磨 姫路城 15.0
92%
信濃 松本城 6.0
92%
取締 摂津 大阪城
88%
紀伊 和歌山城 55.5
88%
大関 薩摩 鹿児島城 77.1
88%
阿波 徳島城 25.7
88%
相模 小田原城 11.0
88%
行司 山城 二条城
88%
尾張 名古屋城 61.9
88%
大関 加賀 金沢城 102.3
88%
常陸 水戸城 35.0
88%
小結 安芸 広島城 42.6
85%
陸奥 会津城 23.0
85%
下野 宇都宮城 7.7
85%
取締 武蔵 江戸城
85%
伊勢 安濃津城 32.4
85%
豊後 岡城 7.0
85%
前頭 肥前 佐賀城 35.7
81%
出雲 松江城 18.6
81%
信濃 上田城 5.3
81%
関脇 陸奥 仙台城 62.5
81%
土佐 高知城 24.2
81%
伊予 松山城 15.0
81%
讃岐 高松城 12.0
81%
陸奥 弘前城 10.0
81%
尾張 犬山城 3.5
77%
越前 福井城 33.0
77%
三河 岡崎城 5.0
77%
志摩 鳥羽城 3.0
77%
越後 高田城 15.0
73%
出羽 鶴岡城 14.0
73%
備後 福山城 11.0
73%
上野 高崎城 8.2
73%
小結 筑前 福岡城 52.0
73%
筑後 久留米城 21.0
73%
上野 前橋城 17.0
73%
周防 岩国城 6.0
73%
出羽 山形城 6.0
73%
遠江 浜松城 6.0
73%
伊予 今治城 3.5
73%
渡島 福山城 3.0
73%
美濃 大垣城 10.0
69%
豊前 中津城 10.0
69%
美作 津山城 10.0
69%
肥前 唐津城 6.0
69%
前頭 長門 萩城 36.9
69%
出羽 米沢城 15.0
69%
越中 富山城 10.0
69%
越後 長岡城 7.4
69%
越後 新発田城 5.0
69%
豊前 小倉城 15.0
65%
伊勢 桑名城 10.0
65%
讃岐 丸亀城 5.1
65%
丹後 舞鶴城 3.5
65%
大和 郡山城 15.1
65%
若狭 小浜城 10.3
65%
日向 延岡城 7.0
65%
肥前 島原城 7.0
62%
越前 大野城 4.0
62%
年寄 近江 安土城
62%
陸奥 盛岡城 20.0
62%
和泉 岸和田城 5.3
62%
行司 播磨 明石城
58%
対馬 府中城 10.0
58%
越後 村上城 7.9
58%
日向 飫肥城 7.0
58%
石見 浜田城 6.0
58%
武蔵 川越城 15.0
58%
陸奥 白河城 11.0
58%
播磨 明石城 6.0
58%
信濃 松代城 10.0
54%
丹波 福知山城 3.2
54%
下総 佐倉城 10.0
54%
肥前 平戸城 6.2
54%
伊予 大洲城 6.0
54%
筑後 柳河城 11.5
50%
下総 古河城 7.0
50%
越前 丸岡城 5.0
50%
長門 府中城 5.0
50%
常陸 土浦城 9.5
50%
周防 徳山城 4.1
50%
紀伊 田辺城 3.8
50%
上野 沼田城 3.5
50%
紀伊 新宮城 3.5
50%
豊後 杵築城 3.2
50%
出羽 久保田城 20.6
46%
上野 館林城 6.1
46%
伊勢 亀山城 6.0
46%
丹波 亀山城 5.0
46%
石見 津和野城 4.2
46%
摂津 高槻城 3.6
46%
陸奥 二本松城 10.1
46%
丹後 宮津城 7.0
46%
伊予 西条城 3.0
46%
三河 吉田城 7.0
42%
信濃 高遠城 3.3
42%
武蔵 忍城 10.0
42%
加賀 大聖寺城 7.0
42%
越前 鯖江城 4.0
42%
但馬 出石城 5.8
38%
播磨 龍野城 5.2
38%
信濃 高島城 3.0
38%
常陸 笠間城 8.0
38%
丹波 篠山城 5.0
38%
豊後 臼杵城 5.0
38%
摂津 尼崎城 4.0
35%
筑前 秋月城 5.0
31%
年寄 河内 赤坂城
27%
山城 淀城 10.2
27%
三河 西尾城 6.0
27%
伊勢 久居城 5.3
27%
陸奥 中村城 6.0
19%
肥後 宇土城 3.0
19%
下総 関宿城 5.8
19%
肥前 小城城 7.3
15%
近江 膳所城 6.0
15%
陸奥 三春城 5.0
12%
越後 村松城 3.0
8%
陸奥 棚倉城 6.0
8%
No matching quizzes found
Score Distribution
Percent of People with Each Score
Percentile by Number Answered
Your Score History
You have not taken this quiz